10 Largest stadiums in USA - Statistics

General Stats
  • This quiz has been taken 19 times
  • The average score is 4 of 10
Answer Stats
Capacity Answer % Correct
107601 Michigan
100%
104944 Ohio
71%
106572 Beaver
29%
101821 Bryant-denny
29%
102512 Kyle Field
29%
93607 LA Memorial Coliseum
29%
102455 Neyland
29%
102321 Tiger
24%
92756 Sanford
12%
100119 Darrell-k-royal
6%
No matching quizzes found
Score Distribution
Percent of People with Each Score
Percentile by Number Answered
Your Score History
You have not taken this quiz